Top 15 most spoken languages in Africa - Statistics

General Stats
  • This quiz has been taken 108 times
  • The average score is 9 of 15
Answer Stats
Speakers Language % Correct
140 million Arabic
96%
115 million French
95%
130 million English
91%
100 million Swahili
80%
30 million Portuguese
74%
25 million Amharic
65%
10 million Zulu
65%
27 million Igbo
63%
39 million Yoruba
61%
70 million Hausa
50%
14-25 million Berber
46%
24 million Oromo
44%
24 million Fulani
20%
10 million Shona
18%
10 million Bambara
3%
No matching quizzes found
Score Distribution
Percent of People with Each Score
Percentile by Number Answered
Your Score History
You have not taken this quiz